NFL Teams With The Most Fans - Statistics

General Stats
  • This quiz has been taken 140 times
  • The average score is 13 of 15
Answer Stats
# Of Fans Team % Correct
7M Patriots
95%
8.5M Cowboys
94%
6.3M Steelers
93%
5.2M Packers
92%
3.8M Giants
91%
3.2M Eagles
89%
3.9M Seahawks
88%
2.2M Dolphins
87%
4M 49ers
86%
3.3M Raiders
84%
4.1M Broncos
83%
4M Saints
83%
3.9M Bears
81%
2.2M Ravens
81%
2.3M Panthers
73%
No matching quizzes found
Score Distribution
Percent of People with Each Score
Percentile by Number Answered
Your Score History
You have not taken this quiz